LEADER 01092nam0-2200301---450- 001 990008782330403321 005 20081217124205.0 035 $a000878233 035 $aFED01000878233 035 $a(Aleph)000878233FED01 035 $a000878233 100 $a20081217d1941----km-y0itay50------ba 101 0 $aita 102 $aIT 105 $ay-------001yy 200 1 $aModifica dello statuto di associazione con scopo di culto non riconosciuta. Rappresentanza. Poteri del vescovo in ordine alla nomina di un commissario$fMario Petroncelli 210 $aFirenze$cCya$d1941 215 $a31 p.$d25 cm 300 $aEstr. da: dell'archivio di diritto ecclesiastico, n. 3., 1941 676 $a262$v11 rid.$zita 700 1$aPetroncelli,$bMario$0133059 801 0$aIT$bUNINA$gRICA$2UNIMARC 901 $aBK 912 $a990008782330403321 952 $aBusta 8 (2) 25$b26254$fFGBC 959 $aFGBC 996 $aModifica dello statuto di associazione con scopo di culto non riconosciuta. Rappresentanza. Poteri del vescovo in ordine alla nomina di un commissario$9808995 997 $aUNINA LEADER 01733oam 2200493M 450 001 9910716202103321 005 20200213070535.8 035 $a(CKB)5470000002520109 035 $a(OCoLC)1065849285 035 $a(OCoLC)995470000002520109 035 $a(EXLCZ)995470000002520109 100 $a20071213d1926 ua 0 101 0 $aeng 135 $aurcn||||||||| 181 $ctxt$2rdacontent 182 $cc$2rdamedia 183 $acr$2rdacarrier 200 10$aGeorgia Cotton Co. May 13, 1926. -- Committed to the Committee of the Whole House and ordered to be printed 210 1$a[Washington, D.C.] :$c[U.S. Government Printing Office],$d1926. 215 $a1 online resource (7 pages) 225 1 $aHouse report / 69th Congress, 1st session. House ;$vno. 1201 225 1 $a[United States congressional serial set ] ;$v[serial no. 8537] 300 $aBatch processed record: Metadata reviewed, not verified. Some fields updated by batch processes. 300 $aFDLP item number not assigned. 606 $aClaims 606 $aCotton 606 $aEnemy property 606 $aTrading with the enemy 606 $aWorld War, 1914-1918 608 $aLegislative materials.$2lcgft 615 0$aClaims. 615 0$aCotton. 615 0$aEnemy property. 615 0$aTrading with the enemy. 615 0$aWorld War, 1914-1918. 701 $aWinter$b Charles E$g(Charles Edwin),$f1870-1948$pRepublican (WY)$01387987 801 0$bWYU 801 1$bWYU 801 2$bOCLCO 801 2$bOCLCQ 906 $aBOOK 912 $a9910716202103321 996 $aGeorgia Cotton Co. May 13, 1926. -- Committed to the Committee of the Whole House and ordered to be printed$93439170 997 $aUNINA LEADER 01443nam 2200361z- 450 001 9910694151203321 005 20061208083532.0 035 $a(CKB)5860000000022310 035 $a(BIP)013903756 035 $a(EXLCZ)995860000000022310 100 $a20220406c2006uuuu -u- - 101 0 $aeng 200 10$aEPA's fiscal year 2007 science and technology budget proposal $ehearing before the Subcommittee on Environment, Technology, and Standards, Committee on Science, House of Representatives, One Hundred Ninth Congress, second session, March 16, 2006 215 $a1 online resource (iv, 125 p.) 311 $a0-16-077548-5 517 $aEPA's fiscal year 2007 science and technology budget proposal 606 $aFederal aid to research$zUnited States 606 $aScience and state$zUnited States 606 $aTechnology and state$zUnited States 610 $aLaw 610 $aEnvironmental protection 610 $aFederal aid to research 610 $aTechnology and state 610 $aNature 610 $aPolitical science 615 0$aFederal aid to research 615 0$aScience and state 615 0$aTechnology and state 712 02$aUnited States, Congress House Committee on Science Subcommittee on Environment, Technology, and Standards Staff,$4oth 906 $aBOOK 912 $a9910694151203321 996 $aEPA's fiscal year 2007 science and technology budget proposal$93171649 997 $aUNINA